000 01223nam a2200241Ia 4500
003 Ost
005 20260507075254.0
008 260507s9999||||xx |||||||||||||| ||und||
040 _cfsecg
041 _aara
082 _a330
100 _aعدس، نائل
_eمؤلف
245 0 _aمحاسبة التكاليف :
_bمدخل حديث /
_c نائل عدس
260 _aعمان:
_bدار اليازوري العليمة,
_c2012
300 _a476 صفحة؛
_bإيضاحات ؛
_c25 سم
504 _aالمراجع ص.465 (اقتناءات 2014 3ن،2008)
520 _a-اساسيات محاسبة التكاليف،تبويب عناصر التكاليف،نظريات التكاليف،الرقابة على عنصر تكلفة المواد،الرقابة على تكلفة الاجور،الرقابة على عنصر المصروفات،نظام تكاليف الأوامر التشغيلية،نظام تكاليف المراحل الانتاجية ،تكاليف المنتجات المشتركة والعرضية.
653 _aالرقابة
653 _aالمحاسبة
653 _aمحاسبة التكاليف
700 _aمحمد لخلف، نضال
_eمؤلف ثانوي
942 _cكتاب
999 _c43717
_d43717